Songs from the First Line(s) - 1972 - Statistics

General Stats
  • This quiz has been taken 87 times
  • The average score is 18 of 30
Answer Stats
Hint Answer % Correct
Songs Strumming my pain with his fingers / Singing my life with his words / Killing me softly with his song Song Killing Me Softly With His Song
86%
Songs She packed my bags last night, pre-flight / Zero hour: 9:00 AM / And I'm gonna be high as a kite by then Artist(s) Elton John
85%
Songs I remember when rock was young / Me and Susie had so much fun / Holding hands and skimming stones Artist(s) Elton John
85%
Songs Candy Man, hey Candy Man / Alright everybody, gather around / The Candy Man is here / What kind of candy do you want? Song The Candy Man
84%
Songs She packed my bags last night, pre-flight / Zero hour: 9:00 AM / And I'm gonna be high as a kite by then Song Rocket Man
81%
Songs Very superstitious / Writing's on the wall / Very superstitious / Ladder's 'bout to fall / Thirteen month old baby Artist(s) Stevie Wonder
80%
Songs I remember when rock was young / Me and Susie had so much fun / Holding hands and skimming stones Song Crocodile Rock
78%
Songs I can see clearly now, the rain has gone / I can see all obstacles in my way / Gone are the dark clouds that had me blind Song I Can See Clearly Now
78%
Songs Very superstitious / Writing's on the wall / Very superstitious / Ladder's 'bout to fall / Thirteen month old baby Song Superstition
78%
Songs Tweedily deedily dee, tweedily deedily dee / Tweet, tweet, tweet, tweet / He rocks in the tree tops all day long Song Rockin' Robin
70%
Songs The first time ever I saw your face / I thought the sun rose in your eyes / And the moon and the stars were the gifts you gave Artist(s) Roberta Flack
67%
Songs Strumming my pain with his fingers / Singing my life with his words / Killing me softly with his song Artist(s) Roberta Flack
67%
Songs Me and Mrs Jones / We got a thing going on / We both know that it's wrong / But it's much too strong / To let it go now Song Me And Mrs. Jones
66%
Songs Tweedily deedily dee, tweedily deedily dee / Tweet, tweet, tweet, tweet / He rocks in the tree tops all day long Artist(s) Michael Jackson
62%
Songs Morning has broken, like the first morning / Blackbird has spoken, like the first bird / Praise for the singing, praise for the morning Song Morning Has Broken
62%
Songs Lord Almighty / I feel my temperature rising / Higher higher / It's burning through to my soul / Girl, girl, girl Artist(s) Elvis Presley
59%
Songs Morning has broken, like the first morning / Blackbird has spoken, like the first bird / Praise for the singing, praise for the morning Artist(s) Cat Stevens
58%
Songs Lord Almighty / I feel my temperature rising / Higher higher / It's burning through to my soul / Girl, girl, girl Song Burning Love
56%
Songs Sometimes in our lives / We all have pain, we all have sorrow. / But if we are wise, / We know that there's always tomorrow. Artist(s) Bill Withers
54%
Songs Sometimes in our lives / We all have pain, we all have sorrow. / But if we are wise, / We know that there's always tomorrow. Song Lean On Me
54%
Songs The first time ever I saw your face / I thought the sun rose in your eyes / And the moon and the stars were the gifts you gave Song The First Time Ever I Saw Your Face
52%
Songs Candy Man, hey Candy Man / Alright everybody, gather around / The Candy Man is here / What kind of candy do you want? Artist(s) Sammy Davis Jr.
49%
Songs I can see clearly now, the rain has gone / I can see all obstacles in my way / Gone are the dark clouds that had me blind Artist(s) Johnny Nash
47%
Songs When I was a little bitty boy / My grandmother bought me a cute little toy / Silver bells hanging on a string Artist(s) Chuck Berry
39%
Songs When I was a little bitty boy / My grandmother bought me a cute little toy / Silver bells hanging on a string Song My Ding-A-Ling
37%
Songs Me and Mrs Jones / We got a thing going on / We both know that it's wrong / But it's much too strong / To let it go now Artist(s) Billy Paul
32%
Songs Blue is the colour, football is the game / We're all together and winning is our aim / So cheer us on through the sun and rain Artist(s) Chelsea Football Team
30%
Songs He was born in the summer of his 27th year, coming home to a place he'd never been before Artist(s) John Denver
30%
Songs Blue is the colour, football is the game / We're all together and winning is our aim / So cheer us on through the sun and rain Song Blue Is the Colour
29%
Songs He was born in the summer of his 27th year, coming home to a place he'd never been before Song Rocky Mountain High
28%
No matching quizzes found
Score Distribution
Percent of People with Each Score
Percentile by Number Answered
Your Score History
You have not taken this quiz